000 00300nam a2200133Ia 4500
008 240624s9999 xx 000 0 und d
041 _aeng
082 _a823 LOR
100 _aLORE PITTACUS
245 _aRISE OF NINE
260 _c2013
_aNew Delhi
_bPenguin
300 _a400 : p.
365 _cRS
_b30
999 _c26989
_d26989